The laryngoscope: an international monthly journal on diseases of the ear, nose, throat ; official organ of the American Laryngological, Rhinological and Otological Society
| Medienart: | Druck Zeitschrift |
|---|---|
| Sprache: | Englisch |
| Veröffentlicht: |
Hoboken, NJ
Wiley-Blackwell
1896-
Philadelphia, Pa. [u.a.] Lippincott Williams & Wilkins 1896- St. Louis, Mo. Triological Foundation 1896- St. Louis, Mo. Society 1896- Hagerstown, Md. Lippincott-Raven Publishers 1896- |
| In: | Jahr: 1896 |
| Verfügbarkeit prüfen: | HBZ Gateway |
| Subito Bestelldienst: | Jetzt bestellen. |
| Bände / Aufsätze: | Bände / Aufsätze anzeigen. |
| Schlagwörter: | |
| Parallele Ausgabe: | Elektronisch
|
MARC
| LEADER | 00000cas a2200000 c 4500 | ||
|---|---|---|---|
| 001 | 129269654 | ||
| 003 | DE-627 | ||
| 005 | 20231116190803.0 | ||
| 007 | tu | ||
| 008 | 931114c18969999xxuz| p| 0 |0eng c | ||
| 016 | 7 | |a 010545611 |2 DE-101 | |
| 016 | 7 | |a 80180-X |2 DE-600 | |
| 022 | |a 0023-852X | ||
| 024 | 7 | |a 00082643 |2 swets | |
| 030 | |a LARYA | ||
| 035 | |a (DE-627)129269654 | ||
| 035 | |a (DE-576)014460149 | ||
| 035 | |a (DE-599)ZDB80180-X | ||
| 035 | |a (OCoLC)612225338 | ||
| 040 | |a DE-627 |b ger |c DE-627 |e rakwb | ||
| 041 | |a eng | ||
| 044 | |c XD-US | ||
| 082 | 0 | 4 | |a 610 |q DE-600 |
| 084 | |a 44.94 |2 bkl | ||
| 084 | |a 44.84 |2 bkl | ||
| 210 | 1 | 0 | |a Laryngoscope |
| 245 | 0 | 4 | |a The laryngoscope |b an international monthly journal on diseases of the ear, nose, throat ; official organ of the American Laryngological, Rhinological and Otological Society |c founded by M. A. Goldstein |
| 264 | 3 | 1 | |a Hoboken, NJ |b Wiley-Blackwell |c 1896- |
| 264 | 2 | 1 | |a Philadelphia, Pa. [u.a.] |b Lippincott Williams & Wilkins |c 1896- |
| 264 | 2 | 1 | |a St. Louis, Mo. |b Triological Foundation |c 1896- |
| 264 | 2 | 1 | |a St. Louis, Mo. |b Society |c 1896- |
| 264 | 2 | 1 | |a Hagerstown, Md. |b Lippincott-Raven Publishers |c 1896- |
| 336 | |a Text |b txt |2 rdacontent | ||
| 337 | |a ohne Hilfsmittel zu benutzen |b n |2 rdamedia | ||
| 338 | |a Band |b nc |2 rdacarrier | ||
| 362 | 0 | |a 1.1896 - | |
| 363 | 0 | 1 | |a 1 |i 1896 |
| 500 | |a Ungezählte Beil. ab 2009: Supplement | ||
| 515 | |a 119.2009,Suppl.1 nur online ersch. | ||
| 591 | |a F/CA! | ||
| 655 | 7 | |a Zeitschrift |0 (DE-588)4067488-5 |0 (DE-627)10454466X |0 (DE-576)20917000X |2 gnd-content | |
| 689 | 0 | 0 | |d s |0 (DE-588)4166784-0 |0 (DE-627)105430102 |0 (DE-576)209904305 |a Laryngologie |2 gnd |
| 689 | 0 | |5 DE-101 | |
| 689 | 1 | 0 | |d s |0 (DE-588)4023088-0 |0 (DE-627)106305581 |0 (DE-576)208947388 |a Hals-Nasen-Ohren-Heilkunde |2 gnd |
| 689 | 1 | |5 (DE-627) | |
| 689 | 2 | 0 | |d s |0 (DE-588)4032844-2 |0 (DE-627)104493895 |0 (DE-576)208998896 |a Krankheit |2 gnd |
| 689 | 2 | 1 | |d s |0 (DE-588)4003408-2 |0 (DE-627)104332042 |0 (DE-576)208851496 |a Atmungsorgan |2 gnd |
| 689 | 2 | 2 | |d s |0 (DE-588)4038243-6 |0 (DE-627)104584963 |0 (DE-576)209029218 |a Medizin |2 gnd |
| 689 | 2 | |5 (DE-627) | |
| 776 | 1 | |x 1091-756X | |
| 776 | 1 | |x 1531-4995 | |
| 776 | 0 | 8 | |i Erscheint auch als |n Online-Ausg. |t The laryngoscope |d Malden, MA : Wiley, 1896 |h Online-Ressource |w (DE-627)323605222 |w (DE-600)2026089-1 |w (DE-576)094144826 |x 1531-4995 |k Electronic |
| 936 | b | k | |a 44.94 |j Hals-Nasen-Ohrenheilkunde |0 (DE-627)106410032 |
| 936 | b | k | |a 44.84 |j Pulmologie |q ARK |0 (DE-627)106409395 |
| 951 | |a JT | ||
| ELC | |b 1 | ||
| LOK | |0 000 xxxxxcy a22 3n 4500 | ||
| LOK | |0 001 2109550368 | ||
| LOK | |0 003 DE-627 | ||
| LOK | |0 004 129269654 | ||
| LOK | |0 005 20110414043448 | ||
| LOK | |0 008 880930||||||||||||||||ger||||||| | ||
| LOK | |0 035 |a (DE-600)004873912 | ||
| LOK | |0 040 |a DE-21-21 |c DE-627 |d DE-21-21 | ||
| LOK | |0 092 |o n | ||
| LOK | |0 852 |8 1 | ||
| LOK | |0 852 |a DE-21-21 | ||
| LOK | |0 852 1 |9 00 | ||
| LOK | |0 85900 |8 1.1 |a 55 |i 1945 | ||
| LOK | |0 85910 |8 1.2 |a 120 |i 2010 | ||
| LOK | |0 86630 |a 55.1945 - 120.2010 |z [N=76] | ||
| LOK | |0 939 |a 29-11-99 |b z01 | ||
| ORI | |a SA-MARC-krimdokb001.raw | ||
| SPR | |a 1 |t KRI | ||
